000 00325nam a2200133 i 4500
001 bgj
100 1 _aTownsend, Charles Barry.
245 1 0 _aWorld's greatest puzzles /
_cCharles Barry Townsend.
260 _aNew York,
_c1993.
040 _cBPK
041 _aeng
942 _cKS
008 s uk f |000 0 eng
999 _c47974
_d47974